Olympischer Medaillenspiegel - Surfen - Statistiken

Allgemein
  • Dieses Quiz wurde 23 mal gespielt
  • Das Durchschnittsergebnis liegt bei 4 aus 5
Antwortstatistiken
Gesamt Gold Silber Bronze Land % Korrekt
1 1 0 0 Vereinigte Staaten
100%
0 0 0 1 Australien
95%
1 1 0 0 Brasilien
76%
2 0 1 1 Japan
67%
1 0 1 0 Südafrika
24%
Keine übereinstimmenden Quizze gefunden
Verteilung der Resultate
Anzahl Personen mit jedem Resultat
Perzentil nach korrekt beantworteten Fragen
Ihre Resultats-Entwicklung
Sie haben dieses Quiz noch nicht gespielt